Nravstvennyje cennosti v podgotovke buduščich predprinimatelej

Tradície a korene podnikateľskej činnosti v Slovenskej republike. Podnikateľská kultúra vo vysokoškolskom vzdelávaní. Záklané atribúty etického podnikania. Metódy formovania morálnych vlastností budúcich podnikateľov.

Salvato in:
Dettagli Bibliografici
Autore principale: Strelková, Katarína
Natura: Capitolo di libro
Lingua:russo
Soggetti:
Tags: Aggiungi Tag
Nessun Tag, puoi essere il primo ad aggiungerne!!

MARC

LEADER 00000naa a2200000 4500
001 0186339
005 20240502083438.6
041 0 |a rus 
044 |a RU 
245 1 0 |a Nravstvennyje cennosti v podgotovke buduščich predprinimatelej  |c Katarína Strelková 
520 |a Tradície a korene podnikateľskej činnosti v Slovenskej republike. Podnikateľská kultúra vo vysokoškolskom vzdelávaní. Záklané atribúty etického podnikania. Metódy formovania morálnych vlastností budúcich podnikateľov. 
610 2 0 |a vzdelávanie vysokoškolské 
610 2 0 |a podnikanie 
610 2 0 |a podnikatelia 
610 2 0 |a etika 
610 2 0 |a morálka 
610 2 0 |a prostredie podnikateľské 
100 1 |a Strelková, Katarína